000 01240nam a2200241 u 4500
001 000310273
003 AM-YeHGA
005 20250617130313.0
008 040219s1977 ||||||||||||||||||||rus d
040 _aAM-YeHGA
041 0 _arus
245 0 0 _aМоделирование развития и размещения производства в черной металлургии /
_cЗ.Р. Цимдина и др. ; Отв. ред. Л.А. Козлов ; АН СССР. Сиб. отд.-ние. Ин-т экон. и орг. пром. произв.
260 _aНовосибирск :
_bНаука. Сиб. отд-ние,
_c1977.
300 _a192 с.
650 1 4 _aЭкономика народного хозяйства
700 1 _aЦимдина, Зинаида Рихардовна.
700 1 _aСереженко, Татьяна Яковлевна
700 1 _aБукина, Галина Николаевна
700 1 _aМитер, Нина Семеновна
700 1 _aКозлов, Леонард Александрович.
_eред.
_4edt
710 0 _aИнститут экономики и организации промышленного производства СО АН СССР
090 _c116044
999 _c114704
_d114704